000 00428nam a2200169 a 4500
001 0000-8509
003 ELIB.Books
008 110520 1980
035 _a(ELIB.Books)0000-8654
082 _a236.9
_bSmi
100 _aSmith, Chuck
245 _aThe Tribulation and the Church
260 _bCost Mesa; The Word For Today
_c1980
650 _aSalvation
942 _2ddc
_cBK
998 _cbat
_e2011-05-20
999 _c8509
_d8509